| 000 | 01149nam0a22003131 4500 | ||
|---|---|---|---|
| 001 | v19\rc\1907206 | ||
| 005 | 20251118180541.0 | ||
| 035 | _a(NLR Aleph) 004996312 | ||
| 090 |
_a6339349 _c6339349 |
||
| 100 | _a20080404d1899 |||y0rusy50 ca | ||
| 101 | 0 | _arus | |
| 102 | _aRU | ||
| 105 | _aa z |||a| | ||
| 200 | 1 |
_aИзбранник божий _eИст. повесть начала XVII века _eС 12-ю автотипиями по оригин. рис. худож. К.В. Лебедева _fСоч. П.Н. Полевого |
|
| 210 |
_aСанкт-Петербург _cА.Ф. Девриена _dценз. 1899 |
||
| 215 |
_a[8], 161 с., 12 л. ил. _d26 |
||
| 700 | 1 |
_aПолевой _bП. Н. _f1839-1902 _gПетр Николаевич |
|
| 702 | 1 |
_aЛебедев _bК. В. _f1852-1916 _gКлавдий Васильевич _4440 |
|
| 801 | 0 |
_aRU _bNLR _gpsbo |
|
| 801 | 0 |
_aRU _bRuMoRGB _2psbo |
|
| 801 | 1 |
_aRU _bProSoft-M _2rusmarc |
|
| 852 |
_aNLR _j37.29.2.24 |
||
| 852 |
_aNLR _j20.64.2.16 |
||
| 899 |
_aRuMoRGB _jU 164/291 |
||
| 899 |
_aRuMoRGB _jU 106/669 |
||
| 899 |
_aRuMoRGB _jS 41/327 |
||
| 899 | _aГПИБ | ||
| 942 | _cBOOK | ||
| 980 | _aNB | ||